| 000 | 00791aas a2200241 4500 | ||
|---|---|---|---|
| 999 |
_c771 _d771 |
||
| 003 | BR-BrBNA | ||
| 005 | 20230317232857.0 | ||
| 007 | ta | ||
| 008 | 230119b bl ||||| |||| 00| 0 por d | ||
| 022 | _a0100-2309 | ||
| 035 | _a000485-5 | ||
| 040 |
_aBR-BrBNA _bPor _cBR-BrBNA |
||
| 042 | _a066460-X | ||
| 044 | _abl | ||
| 245 | _aRevista da Escola de Agronomia e Veterinária - Universidade Federal do Paraná (Brazil) | ||
| 260 |
_aCuritiba-PR _bUniversidade Federal do Paraná - Escola de Agronomia e Veterinária _c1965. Data final de publicação em 1970 _eBPR |
||
| 270 | _aRua dos Funcinários, s/nº - Caixa Postal, 672 - Cep: 80.000 | ||
| 310 | _airregular | ||
| 505 | _a1965 1(1-2); 1966-70 2-6; | ||
| 650 | 1 | 2 | _gAGRONOMIA; PRODUCAO ANIMAL |
| 909 |
_a56 _bSergio Santos _c56 _dSergio Santos |
||
| 942 |
_cCR _2AGRIS |
||